Ngoại cơ sở : Dành cho sinh viên Y đa khoa Tập 1

Sách trình bày triệu chứng học các bệnh lý thuộc các Phân môn Ngoại Tiêu hóa và Ngoại Lồng ngực - Mạch máu. Nội dung mỗi bài giảng bao gồm giải phẫu ứng dụng, các bước thăm khám để phát hiện triệu chứng cơ năng và dấu hiệu thực thể...

Descripción completa

Guardado en:
Detalles Bibliográficos
Autor principal: Phạm Văn Lình (Chủ biên)
Otros Autores: Phạm Văn Năng (Chủ biên)
Formato: Libro
Lenguaje:Vietnamese
Publicado: Cần Thơ Đại học Cần Thơ 2021
Edición:Tái bản lần thứ 1
Materias:
Etiquetas: Agregar Etiqueta
Sin Etiquetas, Sea el primero en etiquetar este registro!
Thư viện lưu trữ: Thư viện Trường Đại học Nam Cần Thơ
LEADER 02964nam a22003377a 4500
001 NCT_124541
008 220514b xxu||||| |||| 00| 0 vie d
999 |c 6379  |d 6379 
020 |a 9786049655647  |c 120000 
082 0 4 |2 23rd ed.  |a 617  |b L312/T.1 
100 1 |a Phạm Văn Lình  |e Chủ biên 
245 1 0 |a Ngoại cơ sở :  |b Dành cho sinh viên Y đa khoa  |n Tập 1  |c Phạm Văn Lình, Phạm Văn Năng (Chủ biên) 
250 |a Tái bản lần thứ 1 
260 |a Cần Thơ  |b Đại học Cần Thơ  |c 2021 
300 |a 175 tr.  |b Minh họa  |c 27cm 
500 |a ĐTTS ghi: Trường Đại học Y dược Cần Thơ. Bộ môn ngoại 
520 3 |a Sách trình bày triệu chứng học các bệnh lý thuộc các Phân môn Ngoại Tiêu hóa và Ngoại Lồng ngực - Mạch máu. Nội dung mỗi bài giảng bao gồm giải phẫu ứng dụng, các bước thăm khám để phát hiện triệu chứng cơ năng và dấu hiệu thực thể và những cận lâm sàng hỗ trợ chẩn đoán. 
653 |a Y đa khoa 
700 1 |a Phạm Văn Năng   |e Chủ biên 
942 |2 ddc  |c BK 
952 |0 0  |1 0  |2 ddc  |4 0  |6 617_000000000000000_L312_T_1  |7 0  |9 23982  |a 000001  |b 000001  |d 2022-05-14  |o 617 L312/T.1  |p MD.19476  |r 2022-05-14  |v 120000.00  |w 2022-05-14  |y BK 
952 |0 0  |1 0  |2 ddc  |4 0  |6 617_000000000000000_L312_T_1  |7 0  |9 23983  |a 000001  |b 000001  |d 2022-05-14  |l 1  |m 1  |o 617 L312/T.1  |p MD.19477  |r 2023-06-01  |s 2023-05-13  |v 120000.00  |w 2022-05-14  |y BK 
952 |0 0  |1 0  |2 ddc  |4 0  |6 617_000000000000000_L312_T_1  |7 0  |9 23984  |a 000001  |b 000001  |d 2022-05-14  |o 617 L312/T.1  |p MD.19478  |r 2022-05-14  |v 120000.00  |w 2022-05-14  |y BK 
952 |0 0  |1 0  |2 ddc  |4 0  |6 617_000000000000000_L312_T_1  |7 0  |9 23985  |a 000001  |b 000001  |d 2022-05-14  |l 1  |m 1  |o 617 L312/T.1  |p MD.19479  |r 2023-05-06  |s 2023-04-17  |v 120000.00  |w 2022-05-14  |y BK 
952 |0 0  |1 0  |2 ddc  |4 0  |6 617_000000000000000_L312_T_1  |7 0  |9 23986  |a 000001  |b 000001  |d 2022-05-14  |o 617 L312/T.1  |p MD.19480  |r 2022-05-14  |v 120000.00  |w 2022-05-14  |y BK 
952 |0 0  |1 0  |2 ddc  |4 0  |6 617_000000000000000_L312_T_1  |7 0  |9 23987  |a 000001  |b 000001  |d 2022-05-14  |l 3  |m 1  |o 617 L312/T.1  |p MD.19481  |q 2023-06-21  |r 2023-05-31  |s 2023-05-31  |v 120000.00  |w 2022-05-14  |y BK 
952 |0 0  |1 0  |2 ddc  |4 0  |6 617_000000000000000_L312_T_1  |7 0  |9 23988  |a 000001  |b 000001  |d 2022-05-14  |o 617 L312/T.1  |p MD.19482  |r 2022-05-14  |v 120000.00  |w 2022-05-14  |y BK 
952 |0 0  |1 0  |2 ddc  |4 0  |6 617_000000000000000_L312_T_1  |7 0  |9 23989  |a 000001  |b 000001  |d 2022-05-14  |o 617 L312/T.1  |p MD.19483  |r 2022-05-14  |v 120000.00  |w 2022-05-14  |y BK 
952 |0 0  |1 0  |2 ddc  |4 0  |6 617_000000000000000_L312_T_1  |7 0  |9 23990  |a 000001  |b 000001  |d 2022-05-14  |o 617 L312/T.1  |p MD.19484  |r 2022-05-14  |v 120000.00  |w 2022-05-14  |y BK 
952 |0 0  |1 0  |2 ddc  |4 0  |6 617_000000000000000_L312_T_1  |7 0  |9 23991  |a 000001  |b 000001  |d 2022-05-14  |l 1  |o 617 L312/T.1  |p MD.19485  |r 2022-08-10  |s 2022-07-19  |v 120000.00  |w 2022-05-14  |y BK 
980 |a Thư viện Trường Đại học Nam Cần Thơ